2025–26 Serie A - Logos - Statistics

General Stats
  • This quiz has been taken 48 times
  • The average score is 17 of 20
Answer Stats
Picture Answer % Correct
AC Milan
100%
Juventus
100%
Bologna
97%
Inter Milan
97%
Napoli
97%
Torino
97%
Atalanta
95%
Roma
95%
Genoa
90%
Lazio
90%
Fiorentina
87%
Hellas Verona
87%
Parma
87%
Udinese
87%
Como
82%
Sassuolo
82%
Cagliari
74%
Lecce
69%
US Cremonese
69%
Pisa
64%
No matching quizzes found
Score Distribution
Percent of People with Each Score
Percentile by Number Answered
Your Score History
You have not taken this quiz